Guess the One Direction songs but it's the opposite #2 - Statistics

General Stats
  • This quiz has been taken 68 times
  • The average score is 7 of 16
Answer Stats
Hint Answer % Correct
sadly happily
85%
hate me hello love you goodbye
85%
worst poem never best song ever
83%
short road up long way down
79%
big black truth little white lies
77%
resistible irresistible
74%
fasely happily shallowly truly madly deeply
57%
running out the rain walking in the wind
45%
do nothing of your youth act my age
30%
sun clouds
30%
full lungs half a heart
21%
since you couldn't walk if I could fly
15%
time moment
15%
won't have me gotta be you
13%
the wild home
13%
void infinity
6%
No matching quizzes found
Score Distribution
Percent of People with Each Score
Percentile by Number Answered
Your Score History
You have not taken this quiz